000 00605nam a2200229Ia 4500
003 OSt
005 20220923225716.0
006 a|||||r|||| 00| 0
007 ta
008 Pun
024 _a273,852
037 _cTextual
040 _aARTS
_cARTS
_bPun
041 _2Pun
_aPun
082 _aO153:g, N1
100 _aਕੰਵਰ, ਤਰਲੋਕ ਸਿੰਘ
_9156315
245 0 _aਵਚਨ ਪ੍ਰਵਚਨ
260 _c1991
650 _aਪੰਜਾਬੀ ਸਾਹਿਤ
942 _hO153:g, N1
_cTEXL
_2CC
999 _c379902
_d379902